| 000 | 00787nam a2200229 a 4500 | ||
|---|---|---|---|
| 001 | 44866 | ||
| 003 | BD-RjUL | ||
| 005 | 20211209053929.0 | ||
| 008 | 160720s1954 ii ||||| |||| 00| 0 ben d | ||
| 035 | _a(BD-RjUL)44984 | ||
| 040 |
_aBD-RjUL _bben _cBD-RjUL _dBD-RjUL |
||
| 041 | _aben | ||
| 082 |
_223 _a891.44 _bTHS 1954 |
||
| 100 |
_aঠাকুর, রবীন্দ্রনাথ _9137480 |
||
| 245 | 1 | 0 |
_aসাহিত্য / _cরবীন্দ্রনাথ ঠাকুর |
| 250 | _a৩য় সং. | ||
| 260 |
_aকলিকাতা : _bবিশ্বভারতী, _c১৯৫৪ |
||
| 300 |
_a৫১৮ পৃ. ; _c২৩ সেমি. |
||
| 650 |
_aবাংলা সাহিত্য _9137481 |
||
| 650 |
_aBengali literature _9137482 |
||
| 942 |
_2ddc _cBK _04 |
||
| 999 |
_c44866 _d44866 |
||